Pérdida de la diversidad genética, de especies y de ecosistemas es uno de los mayores peligros para el futuro de la humanidad (Registro nro. 12725)

Detalles MARC
000 -CABECERA
Campo de control 006060000a22001810004500
090 ## - CLASIFICACIÓN LOCAL
Colección AR
Consecutivo 03676
041 0# - IDIOMA
Código de idioma para texto/pista de sonido o título separado
100 1# - ASIENTO PRINCIPAL--NOMBRE PERSONAL
Nombre personal Santamarta, José
245 10 - MENCION DE TITULO
Título Pérdida de la diversidad genética, de especies y de ecosistemas es uno de los mayores peligros para el futuro de la humanidad
500 ## - NOTA GENERAL
Nota general <Colección Recursos Genéticos>
650 14 - ASIENTO SECUNDARIO DE MATERIA - TERMINO TEMATICO
Término temático o nombre geográfico como elemento de entrada Biodiversidad
650 14 - ASIENTO SECUNDARIO DE MATERIA - TERMINO TEMATICO
Término temático o nombre geográfico como elemento de entrada Estrategias de conservación
650 14 - ASIENTO SECUNDARIO DE MATERIA - TERMINO TEMATICO
Término temático o nombre geográfico como elemento de entrada Destrucción del hábitat
650 14 - ASIENTO SECUNDARIO DE MATERIA - TERMINO TEMATICO
Término temático o nombre geográfico como elemento de entrada Biogenética
651 #4 - ASIENTO SECUNDARIO DE MATERIA - NOMBRE GEOGRAFICO
-- España
773 1# - Item fuente:
Título Preprint
Paginas del Articulo 1-5
Lugar, editorial y fecha de publicación 2000
942 ## - ELEMENTOS ADICIONALES (KOHA)
Tipo de ítem Artículo
Existencias
Withdrawn status Lost status Damaged status No para préstamo Colección Ubicación Permanente Ubicación actual Fecha de adquisición Fuente de Valor Datos de publicación Seriada Total Checkouts Número topográfico Inventario / Código de Barras Date last seen Price effective from Forma de adquisición Tipo de material
      No para Préstamo Hemeroteca Bogotá Bogotá 27/02/2015 Rincón, Martha Fuera de circulación   AR 03676 017253 25/03/2015 25/03/2015   Artículo